000 01889nam a2200241Ii 4500
008 221202s xx 000 0 und d
100 1 _aPedlar, Valerie,
_eauthor
245 0 _a'The Most Dreadful Visitation' :
_b Male Madness in Victorian Fiction
264 1 _aLiverpool
_bLiverpool University Press
_c2006
300 _a1 online resource (192 pages)
336 _atext
_btxt
_2rdacontent
337 _acomputer
_bc
_2rdamedia
338 _aonline resource
_bcr
_2rdacarrier
490 _aLiverpool English Texts and Studies
_v46
520 _aVictorian literature is rife with scenes of madness, with mental disorder functioning as everything from a simple plot device to a commentary on the foundations of Victorian society. But while madness in Victorian fiction has been much studied, most scholarship has focused on the portrayal of madness in women; male mental disorder in the period has suffered comparative neglect. In ‘The Most Dreadful Visitation’, Valerie Pedlar redresses the balance. This extraordinary study explores a wide range of Victorian writings to consider the relationship between the portrayal of mental illness in literary works and the portrayal of similar disorders in the writings of doctors and psychologists. Pedlar presents in-depth studies of Dickens’s Barnaby Rudge, Tennyson’s Maud, Wilkie Collins’s Basil and Trollope’s He Knew He Was Right, considering each work in the context of Victorian understandings : and fears : of mental degeneracy.
653 _aMadness
653 _aMale
653 _aMannen
653 _aVictoriaans
653 _aVictorian
856 _uhttps://library.oapen.org/bitstream/20.500.12657/34588/1/398847.pdfhttp://www.liverpooluniversitypress.co.uk/index.php?option=com_wrapper&view=wrapper&Itemid=11&AS1=%27The+Most+Dreadful+Visitation%27http://library.oapen.org/handle/20.500.12657/34588
942 _cE-BOOK
999 _c66569
_d66569